Naše privatizační politika: kritika a alternativa.

Kritika vládnej privatizačnej politiky ČR. Alternatívne poňatie privatizačnej politiky. Pôsobenie privatizačného úveru. Aukčná metóda ako jedna z foriem privatizačných metód. Metóda priameho predaja verejnou súťažou. Privatizácia smerujúca k vytváraniu akciových spoločností. Vytváranie kapitálového...

Full description

Saved in:
Bibliographic Details
Main Author: Turek, Otakar
Format: Book Chapter
Language:Czech
Subjects:
Tags: Add Tag
No Tags, Be the first to tag this record!

MARC

LEADER 00000naa a2200000 4500
001 r012321
005 20220826094815.9
041 0 |a cze 
044 |a CZ 
245 1 0 |a Naše privatizační politika: kritika a alternativa.  |c O. Turek 
520 |a Kritika vládnej privatizačnej politiky ČR. Alternatívne poňatie privatizačnej politiky. Pôsobenie privatizačného úveru. Aukčná metóda ako jedna z foriem privatizačných metód. Metóda priameho predaja verejnou súťažou. Privatizácia smerujúca k vytváraniu akciových spoločností. Vytváranie kapitálového trhu. 
610 2 0 |a privatizácia 
610 2 0 |a Čechy 
610 2 0 |a úver 
610 2 0 |a aukcie 
610 2 0 |a predaj priamy 
610 2 0 |a súťaž verejná 
610 2 0 |a spoločnosti akciové 
100 1 |a Turek, Otakar